| 000 | 00728nam a22001817a 4500 | ||
|---|---|---|---|
| 003 | BD-DhUL | ||
| 005 | 20160907154131.0 | ||
| 008 | 160830s1983 b a|||| |||| 000 0 b d | ||
| 040 |
_aBD-DhUL _cBD-DhUL |
||
| 082 |
_a954.14 _bWAU |
||
| 100 | 1 | _aআহমদ, ওয়াকিল | |
| 245 | 1 | 0 |
_aউনিশ শতকে বাঙালী মুসলমানের চিন্তা চেতনার ধারা : _cওয়াকিল আহমদ _bপ্রথম খন্ড / |
| 260 |
_aঢাকা : _bবাংলাএকাডেমী, _c১৯৮৩. |
||
| 300 |
_a৪৬৪ পৃ. ; _c২১ সেমি. |
||
| 650 | 0 | _aভারত-ইতিহাস | |
| 650 | 0 | _aIndia-history | |
| 942 |
_2ddc _cBK |
||
| 999 |
_c104662 _d104662 |
||